000 00546nam a2200181Ia 4500
005 20250508151555.0
008 008 250505s9999 xx 000 0 eng d
037 _aTextual
040 _aFEDL
_beng
_cFEDL
041 _aeng
_2eng
084 _a371.7, WAL
_qFEDL
100 _aWalker Herbert
_9759535
245 0 _aHealth in the elementary school : The role of the classroom teacher
260 _aNew York, USA
_bThe Ronald Press Company
_c1955
300 _avii,228p.
942 _cTEXL
_h371.7, WAL
999 _c1330710
_d1330710